<?xml version="1.0" encoding="UTF-8"?>
<record
    xmlns:xsi="http://www.w3.org/2001/XMLSchema-instance"
    xsi:schemaLocation="http://www.loc.gov/MARC21/slim http://www.loc.gov/standards/marcxml/schema/MARC21slim.xsd"
    xmlns="http://www.loc.gov/MARC21/slim">

  <leader>02011nab a22002417a 4500</leader>
  <datafield tag="999" ind1=" " ind2=" ">
    <subfield code="c">6568</subfield>
    <subfield code="d">6568</subfield>
  </datafield>
  <controlfield tag="003">OSt</controlfield>
  <controlfield tag="005">20260224125109.0</controlfield>
  <controlfield tag="008">190506c        xxu||||| |||| 00| 0 spa d</controlfield>
  <datafield tag="040" ind1=" " ind2=" ">
    <subfield code="c">PJ</subfield>
  </datafield>
  <datafield tag="100" ind1=" " ind2=" ">
    <subfield code="9">1439</subfield>
    <subfield code="a">Grisolia, Julio Armando</subfield>
  </datafield>
  <datafield tag="245" ind1="1" ind2="3">
    <subfield code="a">La pandemia y el trabajo remoto, un cambio de paradigma en las relaciones laborales /</subfield>
    <subfield code="c">Julio Armando Grisolia.</subfield>
  </datafield>
  <datafield tag="260" ind1=" " ind2=" ">
    <subfield code="a">Buenos Aires :</subfield>
    <subfield code="b">AbeledoPerrot,</subfield>
    <subfield code="c">2024.</subfield>
  </datafield>
  <datafield tag="300" ind1=" " ind2=" ">
    <subfield code="a">p. 3-7</subfield>
  </datafield>
  <datafield tag="500" ind1=" " ind2=" ">
    <subfield code="a">Cita: TR LALEY AR/DOC/2435/2024.</subfield>
  </datafield>
  <datafield tag="505" ind1=" " ind2=" ">
    <subfield code="a">Sumario: I. La pandemia de COVID-19 de los &#xFA;ltimos a&#xF1;os ha tenido un impacto significativo en nuestra sociedad y en el mundo del trabajo. Las consecuencias, tanto en t&#xE9;rminos de salud y seguridad como de organizaci&#xF3;n del trabajo, han sido profundas. &#xBF;Cu&#xE1;les cree que son los legados de esta experiencia y c&#xF3;mo ha cambiado el mundo del trabajo y las relaciones laborales?&#x2014; II. Sin embargo, m&#xE1;s all&#xE1; de esta experiencia contingente, en los &#xFA;ltimos a&#xF1;os se han producido varias transformaciones importantes, como el envejecimiento de la mano de obra y la presencia de nuevas tecnolog&#xED;as que est&#xE1;n modificando los acuerdos organizativos. &#xBF;C&#xF3;mo cree que estos cambios han afectado y pueden seguir afectando al mundo laboral?&#x2014; III. En este contexto, los interlocutores sociales, que representan los intereses a veces opuestos de trabajadores y empresarios, est&#xE1;n llamados a ser los actores clave de los cambios que afectan al mercado laboral. En su opini&#xF3;n, &#xBF;cu&#xE1;l es y cu&#xE1;l deber&#xED;a ser el papel de los interlocutores sociales en la gesti&#xF3;n de las recientes transformaciones del mundo laboral?

</subfield>
  </datafield>
  <datafield tag="505" ind1=" " ind2=" ">
    <subfield code="t">&#xBF;Te interesa el texto completo? Comunicate al correo: koha@justierradelfuego.gov.ar</subfield>
  </datafield>
  <datafield tag="650" ind1=" " ind2="0">
    <subfield code="9">1316</subfield>
    <subfield code="a">DERECHO LABORAL</subfield>
  </datafield>
  <datafield tag="650" ind1=" " ind2="0">
    <subfield code="9">5233</subfield>
    <subfield code="a">PANDEMIA</subfield>
  </datafield>
  <datafield tag="650" ind1=" " ind2="0">
    <subfield code="9">1803</subfield>
    <subfield code="a">RELACIONES LABORALES</subfield>
  </datafield>
  <datafield tag="650" ind1=" " ind2="0">
    <subfield code="9">4439</subfield>
    <subfield code="a">TELETRABAJO</subfield>
  </datafield>
  <datafield tag="773" ind1="0" ind2=" ">
    <subfield code="0">2751</subfield>
    <subfield code="9">3202</subfield>
    <subfield code="d">Buenos Aires : AbeledoPerrot,  2013-</subfield>
    <subfield code="t">Revista de derecho laboral y seguridad social. N&#xBA; 21 - Noviembre 2024</subfield>
  </datafield>
  <datafield tag="942" ind1=" " ind2=" ">
    <subfield code="2">udc</subfield>
    <subfield code="c">ANA</subfield>
  </datafield>
</record>
